000 00804nam a22002177a 4500
999 _c381
_d381
003 AR-CdUCM
008 190223b ||||| |||| 00| 0 eng d
040 _aMUNICIPALIDAD PROVINCIAL DEL CUSCO
_cBIBLIOTECA MUNICIPAL DEL CUSCO
082 _a808.8 /
_bL92
100 _aLu, Sin
_91532
245 _aLa verdadera historia de A Q /
260 _aPekin :
_bEdiciones en lenguas extranjeras;
_c1972.
300 _a63 paginas ;
_b1 ilustración.
_c18 cm.
505 _aBreve recuento de las victorias de A Q -- Tragedia de amor -- El problema de la subsistencia -- La revolución -- El gran final ...
650 _aNovelas escogidas
_91533
650 _aNovelas chinas
_91534
650 _aSiglo XX
_98
650 _aEdiciones en Lenguas Extranjeras
_91535
942 _2ddc
_cLIBROS
945 _arum
_d2019-02-23